Statistics for David Bowie Songs by Picture

Click here to take the quiz!

General Stats

  • This quiz has been taken 319 times
  • The average score is 7 of 15

Answer Stats

Answer% Correct
Starman
89%
China Girl
87%
Jean Genie
83%
Life on Mars
83%
Ashes to Ashes
52%
Under Pressure
51%
Let's Dance
47%
The Laughing Gnome
42%
Young Americans
41%
Golden Years
37%
Scary Monsters (and Super Creeps)
35%
Rebel Rebel
30%
Suffragette City
24%
Boys Keep Swinging
21%
Little Drummer Boy
7%

Score Distribution

Percentile by Number Answered

Percent of People with Each Score

Your Score History

You have not taken this quiz